Wolfmother Songs - Statistics

General Stats
  • This quiz has been taken 10 times
    3 since last reset
  • The average score is 27 of 69
Answer Stats
Answer % Correct
City Lights
100%
Cosmic Egg
100%
Dimension
100%
Joker & the Thief
100%
Love Train
100%
New Moon Rising
100%
Pretty Peggy
100%
Vagabond
100%
Victorious
100%
White Unicorn
100%
Woman
100%
Apple Tree
67%
California Queen
67%
Colossal
67%
Far Away
67%
Gypsy Caravan
67%
Mind's Eye
67%
New Crown
67%
Pyramid
67%
Sundial
67%
Tales
67%
Tall Ships
67%
Where Eagles Have Been
67%
White Feather
67%
10,000 Feet
33%
Back Round
33%
Baroness
33%
Eye of the Beholder
33%
Feelings
33%
Happy Face
33%
Heavy Weight
33%
High on My Own Supply
33%
I Ain't Got No
33%
In the Castle
33%
In the Morning
33%
Phoenix
33%
Pilgrim
33%
Radio
33%
Remove Your Mask
33%
Rock Out
33%
Special Lady
33%
The Earth's Rotation Around the Sun
33%
The Love That You Give
33%
Violence of the Sun
33%
Witchcraft
33%
Best of a Bad Situation
0%
Chase the Feeling
0%
Ego
0%
Enemy Is in Your Mind
0%
Fellin Love
0%
Freedom Is Mine
0%
Higher
0%
Hot Night
0%
How Many Times
0%
Humble
0%
I Don't Know Why
0%
Kick Ass
0%
Mantle
0%
Metal & Fire
0%
My Tangerine Dream
0%
Only Way
0%
Outside
0%
Rock'n'Roll Survivor
0%
She Got It
0%
Spanish Rose
0%
The Simple Life
0%
Upload
0%
Walking
0%
Wedding
0%
No matching quizzes found
Score Distribution
Percent of People with Each Score
Percentile by Number Answered
Your Score History
You have not taken this quiz since the last reset